An English-Greek & Greek-English dictionary of law economic business & management terms = Λεξικό αγγλοελληνικό & ελληνοαγγλικό νομικών οικονομικών εμπορικών & διοικητικών όρων : το λεξικό της Ευρωπαϊκής Οικονομικής Κοινότητος
Αποθηκεύτηκε σε:
| Κύριος συγγραφέας: | |
|---|---|
| Μορφή: | Βιβλίο |
| Γλώσσα: | English Greek |
| Δημοσίευση: |
Αθήνα :
Επτάλοφος,
1989.
|
| Έκδοση: | 2η έκδ. |
| Θέματα: | |
| Ετικέτες: |
Προσθήκη ετικέτας
Δεν υπάρχουν, Καταχωρήστε ετικέτα πρώτοι!
|
MARC
| LEADER | 00000cam a2200000 i 4500 | ||
|---|---|---|---|
| 001 | 1/38673 | ||
| 008 | 961007s19821989gr | | ||| |||| ||eng|| | ||
| 035 | |l 10024905 | ||
| 040 | |a GR-MY-UA |b gre |e aacr | ||
| 041 | 1 | |a eng |a gre | |
| 082 | 0 | |a 340.03 | |
| 100 | 1 | |a Δεληκωστόπουλος, Αθανάσιος Ι., |d 1929- | |
| 245 | 1 | 3 | |a An English-Greek & Greek-English dictionary of law economic business & management terms = |b Λεξικό αγγλοελληνικό & ελληνοαγγλικό νομικών οικονομικών εμπορικών & διοικητικών όρων : το λεξικό της Ευρωπαϊκής Οικονομικής Κοινότητος / |c Athan. J. Delicostopoulos. |
| 246 | 1 | |i Παράλληλος τίτλος: |a Λεξικό αγγλοελληνικό και ελληνοαγγλικό νομικών, οικονομικών, εμπορικών και διοικητικών όρων : |b το λεξικό της Ευρωπαϊκής Οικονομικής Κοινότητος | |
| 250 | |a 2η έκδ. | ||
| 260 | |a Αθήνα : |b Επτάλοφος, |c 1989. | ||
| 300 | |a 245 σ. | ||
| 650 | 0 | 0 | |a Law |x Dictionaries. |
| 852 | |a INST |b CHIOS |e 19961007 |h 340.03 DEL |p 005200011353 |q 005200011353 |t REF |y 23 | ||
| 909 | |a Χ |b 025693 | ||